000 00413nab a2200145Ia 4500
003 ES-SlBCS
005 20210601141715.0
008 140529s2010 xxu||||| |||| 00| 0 spa d
041 _aspa
100 1 _aGiametta, Sossio
_9260015
245 0 0 _aEl pensamiento como dinamita
_c Sossio Giametta
650 0 4 _aFundamento
_9159075
773 0 _tEstudios Nietzsche
_gnº. 10, 2010, págs. 153-164
_wRev1201
942 _cAR
999 _c665026
_d665026